000 01356nam a2200349 a 4500
001 000109317
003 CHAP
005 20220329144046.0
008 140421s2013 mx sm |||||||spa d
010 _a105779
011 _a106751
040 _cCHAP
090 _aTesis
100 1 _aBruno Amador, Héctor
_9126468
245 1 0 _aDiagnostico de modelos productivos, capacitación técnica, seguimientos de proyectos en el área rural programa (PESA-SAGARPA) e implementación de talleres de conservación y transformación de alimentos
_h[En línea]
_cpor Héctor Bruno Amador.
260 _aChapingo, Méx. :
_bEl autor,
_c2013.
500 _aPara ver el contenido del material haga clic en la liga
502 _aTesis (Ing. Agroindustrial ) -- UACH. Departamento de Ingeniería Agroindustrial
590 _aBATCH-UPD
_b05
_c20141002
_lUCH01
_h0901
590 _aBATCH
_b00
_c20181121
_lUCH01
_h0759
590 _aE6096MTM
_b05
_c20140421
_lUCH01
_h1118
590 _aE6096MTM
_b05
_c20140421
_lUCH01
_h1120
650 1 4 _aAlimentos
_xConservación.
_94179
650 1 4 _aAlimentos
_xRendimiento.
_94277
650 1 4 _aComunidades rurales
_xAlimentos.
_926255
650 1 4 _aDiagnóstico.
_932393
856 _a1
_n0001043
856 _aFinding aid
_uhttp://10.13.5.2/tesis/sist109317.pdf
_zTeclea aquí
901 _aBK
942 _cTESIS
942 _n0
999 _c105779
_d105779